000 03521nam0a2200385 4500
001 RU\NLR\BIBL_A\012753294
005 20220713151742.0
010 _a978-5-8290-1889-4
_9500
021 _aRU
_bКН-П-21-091820
_9КН-П-21-7323
035 _a(NLR Aleph) 012753294
035 _a(RuMoRGB)010935445
090 _a13039294
_c13039294
100 _a20220406d2020 k y0rusy50 ca
101 0 _arus
102 _aRU
105 _ay z 000zy
181 0 _ai
_baxxe
182 0 _an
200 1 _aМузыкальное кондиционирование в психологическом сопровождении профессиональной деятельности операторов
_eмонография
_fА. А. Благинин, С. В. Смольянинова
_gЛенинградский государственный университет имени А. С. Пушкина
203 _aТекст
_bвизуальный
_cнепосредственный
210 _aСанкт-Петербург
_cЛенинградский государственный университет имени А. С. Пушкина
_d2020
215 _a76, [1] с.
_d22
320 _aБиблиогр. в конце кн. (89 назв.)
330 _aВ монографии изложены современные представления о применении метода музыкального кондиционирования в психологическом сопровождении профессиональной деятельности операторов. Рассмотрены факторы надежности профессиональной деятельности операторов и методы ее сохранения, раскрыты особенности применения музыки для коррекции психического состояния операторов, показана эффективность метода дифференцированного подхода к выбору музыкальных программ для восстановления работоспособности операторов, дано психофизиологическое обоснование применения различных музыкальных программ для обеспечения надежности профессиональной деятельности операторов. Публикуемые материалы предназначены для ученых, занимающихся исследованиями в области физиологии, психофизиологии, психологии. Издание может быть использовано в образовательной деятельности
606 1 _aОператоры
_xРаботоспособность
_xВлияние музыки
_92515855
_3RU\NLR\AUTH\6601705889
606 1 _aОператоры
_xПрофессиональная деятельность
_xПсихологические исследования
_92452582
_3RU\NLR\AUTH\6601675653
686 1 _aР124.085
686 1 _aЮ941.2
700 1 _aБлагинин
_bА. А.
_gАндрей Александрович
701 1 _aСмольянинова
_bС. В.
_gСветлана Владимировна
942 _cBOOK
980 _aNBR
980 _aNB